| 000 | 00617cas a22001815a 4500 | ||
|---|---|---|---|
| 001 | L130948 | ||
| 008 | 050920d1990 xxkfr p 0 a0eng u | ||
| 035 | _a(Sirsi) u130948 | ||
| 041 | 0 | _aeng | |
| 110 | 2 |
_aRoyal Institution of Chartered Surveyors _94900 |
|
| 245 | 0 | 0 |
_aExplorer _bRICS Research and Information Newsletter |
| 260 |
_aLondon _bRICS _c1990- |
||
| 362 | _a(1) February 1990-(5) June 1992 | ||
| 554 | _aTwo per year | ||
| 651 | 4 |
_aUnited Kingdom _y |
|
| 690 | _aABOUT RICS-RICS STRUCTURE AND GOVERNANCE-RICS DEPARTMENTS-RICS BRAND AND MEMBERSHIP SERVICES-RICS PUBLIC POLICY AND RESEARCH | ||
| 942 | _n0 | ||
| 999 |
_c118816 _d118816 |
||